Pilates y rehabilitación para síndromes y artroplastias
Saved in:
| Main Authors: | , , |
|---|---|
| Format: | Bog |
| Sprog: | spansk |
| Udgivet: |
Badalona
Editorial PaidoTribo
2014
|
| Udgivelse: | 1a. ed |
| Fag: | |
| Tags: |
Tilføj Tag
Ingen Tags, Vær først til at tagge denne postø!
|
MARC
| LEADER | 00000cam a2200000 a 4500 | ||
|---|---|---|---|
| 001 | UCC2262 | ||
| 003 | CL-VaPUC | ||
| 008 | 180114e20140000sp |||||||||||||||||spa|d | ||
| 020 | |a 9788499104478 | ||
| 082 | 0 | 4 | |a 613.71 |b KAP |2 21 |
| 100 | 0 | |a Kaplanek, Beth A |e author |9 596391 | |
| 700 | 0 | |a Levine, Brett Levine |e author |9 596392 | |
| 700 | 0 | |a Jaffe, William L |e author |9 596393 | |
| 245 | 1 | 0 | |a Pilates y rehabilitación para síndromes y artroplastias |
| 250 | |a 1a. ed | ||
| 300 | |a 362 p | ||
| 942 | |c BK | ||
| 945 | |d 20180114 20:51:00 |a arojas | ||
| 260 | |a Badalona |b Editorial PaidoTribo |c 2014 | ||
| 650 | 0 | |a Ejercicios físicos |9 307296 | |
| 650 | 7 | |a GIMNASIA |2 CL-VaPUC |9 307275 | |
| 650 | 0 | |a Rehabilitación |9 307382 | |
| 650 | 0 | |a Aptitud física |9 373835 | |
| 583 | |a last modification |c 20180114 20:51:00 |k Rodrigo Vera | ||
| 999 | |c 370496 |d 370494 | ||
| 952 | |0 0 |1 0 |3 erb |4 0 |6 613_710000000000000_KAP_2014 |7 0 |8 A |9 487022 |a BIBEDU |b BIBEDU |i 5448077 |l 1 |o 613.71 KAP 2014 |p 5448077 |r 2024-04-23 |s 2024-04-23 |w 2019-11-24 |y BK |z Catalogado en:20180114 |k EFI | ||